Comprehension-based intervention in teaching grade 9 algebra (Record no. 75757)

MARC details
000 -LEADER
fixed length control field 03975nam a22002657i 4500
003 - CONTROL NUMBER IDENTIFIER
control field URS
005 - DATE AND TIME OF LATEST TRANSACTION
control field 20240416181631.0
008 - FIXED-LENGTH DATA ELEMENTS--GENERAL INFORMATION
fixed length control field 191204b ||||| |||| 00| 0 eng d
041 ## - LANGUAGE CODE
Language code of text/sound track or separate title eng
043 ## - GEOGRAPHIC AREA CODE
Geographic area code a-ph---
050 10 - LIBRARY OF CONGRESS CALL NUMBER
Classification number QA159
Item number .Ar12 2018
100 ## - MAIN ENTRY--PERSONAL NAME
Personal name Aralar, Susan I,
Relator term author
245 ## - TITLE STATEMENT
Title Comprehension-based intervention in teaching grade 9 algebra
260 ## - PUBLICATION, DISTRIBUTION, ETC.
Date of publication, distribution, etc. January 2018
300 ## - PHYSICAL DESCRIPTION
Extent xii, 99 leaves :
Other physical details illustrations ;
Dimensions 28 cm
336 ## - CONTENT TYPE
Source rda content
Content type term text
337 ## - MEDIA TYPE
Source rda media
Media type term unmediated
338 ## - CARRIER TYPE
Source rda carrier
Carrier type term volume
502 ## - DISSERTATION NOTE
Dissertation note Thesis
Degree type Master of Arts in Teaching major in Mathematics
Name of granting institution University of Rizal System-Morong
Year degree granted 2018
520 ## - SUMMARY, ETC.
Summary, etc. EXECUTIVE SUMMARY: The study focused on the Comprehension-Based Intervention in Teaching Grade 9 Algebra. The study was conducted in a public secondary school in the province of Rizal during the school year 2017-2018. The study used the descriptive, correlational, and experimental methods of research. It utilized the purposive sampling technique for it had the specific group of participants considered. The participants were determined through the Phil-IRI result of the English department in June 2017. The number of participants was 20. The comprehension is the target of the said intervention; the tool concentrated on the development of questions. This included literal, inferential, evaluative and application level of inquiry from the idea of scaffolding. The intervention presented three problems for each topic in variation: inverse joint and combined. The researcher made question per level for every problem in variation. The learners were initially on the literal level on combined variation while inferential level on the inverse and joint variation. After exposure to the comprehension-based intervention, the level of comprehension of the grade 9 learners increased. The mean score in joint variation was on the application level while inverse and combined variation were on the evaluation level. Also, there was a significant difference on the level of comprehension of grade 9 learners before and after exposure to the comprehension-based intervention. All mean scores of the grade 9 learners after exposure to the intervention were higher than that of their scores before exposure to the intervention. The grade 9 learners gained knowledge and skills on comprehension after having been exposed to the comprehension-based intervention. There was a significant difference on the level of performance of the grade 9 learners before and after exposure to the comprehension-based intervention. Before exposure to the comprehension-based intervention, there was only one learner under the literal level of nineteen was in the inferential level. However, after exposure to the comprehension-based materials, two (2) participants improved to inferential level, ten (10) in the evaluative level and eight (8) in the application level. Likewise, the level of performance in mathematics of grade 9 learners increased. Before the intervention there were n thirteen (13) grade 9 learners with a very low performance, six (6) under the low performance and one (1) in the average level. After exposure to the comprehension-based intervention, three (3) learners increased under the low level, five (5) progressed to the high level and twelve advanced to the very high level. There was a significant relationship between the level of comprehension and the level of performance in word problems in Algebra of grade 9 learners with respect to the different lessons in variation. The paper concluded that there was a very significant increase in the students' performance in the selected lessons in variation. The comprehension-based intervention is found effective in improving the stud
650 #0 - SUBJECT ADDED ENTRY--TOPICAL TERM
Topical term or geographic name entry element Algebra
General subdivision Study and teaching
700 ## - ADDED ENTRY--PERSONAL NAME
Personal name Llagas, Avelina T.,
Relator term author.
856 ## - ELECTRONIC LOCATION AND ACCESS
Materials specified Online Request for Student Unpublished Works
Uniform Resource Identifier <a href="https://forms.gle/7LqvGGkaDrUQqz429">https://forms.gle/7LqvGGkaDrUQqz429</a>
942 ## - ADDED ENTRY ELEMENTS (KOHA)
Source of classification or shelving scheme Library of Congress Classification
Koha item type Theses and dissertations

No items available.

University of Rizal System
Email us at univlibservices@urs.edu.ph

Visit our Website www.urs.edu.ph/library